000 00295nam a22000977a 4500
005 20250901165427.0
008 210329b ||||| |||| 00| 0 eng d
050 _aHD30.4 B7 1992
245 _aIntroduction to business : our business and economic world
_cBrown, Betty Jean; Clow, John E.
942 _2ddc
999 _c3797
_d3797